MARC

LEADER 00000nam0a2200000 4500
001 363448
005 20231102011606.0
035 |a (RuTPU)RU\TPU\retro\20795 
090 |a 363448 
100 |a 20211001d1981 m y0rusy50 ca 
101 0 |a rus 
102 |a RU 
105 |a a z 001zy 
200 1 |a Монтаж подстанций промышленных предприятий  |f М. С. Живов 
205 |a 2-е изд., перераб. и доп. 
210 |a Москва  |c Энергоиздат  |d 1981 
215 |a 97 с.  |c ил. 
225 1 |a Библиотека электромонтера  |v Вып. 516 
320 |a Библиогр.: с. 97 
606 1 |a Электрические подстанции промпредприятий  |2 stltpush  |3 (RuTPU)RU\TPU\subj\80547  |9 88193 
610 1 |a монтаж 
610 1 |a коллективные распределительные устройства 
610 1 |a силовые трансформаторы 
610 1 |a электрооборудование 
610 1 |a аппараты 
610 1 |a ошиновка 
610 1 |a заземление 
675 |a 658.26:621.31  |v 4 
700 1 |a Живов  |b М. С.  |g Михаил Семенович 
801 1 |a RU  |b 63413507  |c 20211001 
801 2 |a RU  |b 63413507  |c 20211001  |g RCR 
942 |c BK